00659nam a22001697a 450000500170000001000150001702000260003203500140005803700100007208200080008210000300009024501760012026000920029627000170038830000540040570000300045920250121164304.0 aHIN-129315 a9789390607600c225.00 aHN-101616 bDBAD  aक aTejgyan global Foundation aगर्भ संस्कार सवाल जवाब; The Essence of a Mother's Journey during Pregnancy;c A Happy Thoughts Initiative/bTejgyan global Foundation aपुणेbवँव पब्लिशिंग्ज प्रा. लि., c2023 bपुणे a152 पृ.c22 सेमी (अजिल्द) aTejgyan global Foundation